00903nam a2200205 a 450000100100000000500170001000800410002702000180006804000250008608200140011124501020012526000480022730000260027549000160030159000270031795201120034495201120045695201120056899900170068000004792820201002060819.0181004s2015 dr a 000 spa d a9789945599572 aDO-SdBNPbspacBNPHU axxxbR425 0aReligión formación humana y religiosa 6 :. :bsexto grado, segundo ciclo eduación primaria. aSanto Domingo :bActualidad Escolar,c2015. a136 p. :bil ;c28.5. aSerie Veraz aInventariado, 2018 /DG 0010718PDaGRbGRcHDd2018-10-04iLF1l0oxxx R425p47928-30r2020-06-25w2020-06-25yLFPDZNo se presta 0010718PDaPDbPDcHDd2018-10-04iLF1l0oxxx R425p47928-10r2020-06-25w2020-06-25yLFPDZNo se presta 0010718PDaPDbPDcHDd2018-10-04iLF1l0oxxx R425p47928-20r2020-06-25w2020-06-25yLFPDZNo se presta c47416d47416